000 00483nam a2200169Ia 4500
008 180921t2014 xxu||||| |||| 00| 0 sin d
041 _asin
080 _a294.3
_bREW
100 _aRewathahimi,Diyapattugama
245 _aධමිමපදය හා බෞද්ධ පුරුෂාර්ථ
246 _aDhammapadaya ha Bauddha Purushartha
260 _bAuthor
_as.n.
_c2014
300 _b119p, 21cm
942 _cBK
999 _c4713
_d4713
003 LK-CoDNM
040 _aLK-CoDNM
_dLK-CoDNM
_eLK-CoDNM